| 000 | 005400000a22001810004500 | ||
|---|---|---|---|
| 003 | MACL | ||
| 005 | 20160527125057.0 | ||
| 008 | 160527b xxu||||| |||| 00| 0 eng d | ||
| 040 |
_aMACL _cMACL |
||
| 041 | _aHindi | ||
| 082 | _a891.433 | ||
| 100 |
_aगुप्त, योगेश _945367 |
||
| 245 |
_aअकारण _cयोगेश गुप्त |
||
| 260 |
_bप्रेमनाथ एण्ड संस _c2000 _aदिल्ली |
||
| 350 | _a70 | ||
| 650 |
_aNovel _960111 |
||
| 942 |
_cHIN _k800/GUP/N _2ddc |
||
| 999 |
_c11083 _d11083 |
||